| 000 | 00716nam a2200205 a 4500 | ||
|---|---|---|---|
| 005 | 20250411063833.0 | ||
| 008 | 080619s1986 mx r 000 0 spa d | ||
| 035 | _aUPN01000157173 | ||
| 049 | _aUNE | ||
| 080 | _aOC 058: 377.35 (7/8) "1984" ANU | ||
| 245 | 0 | 0 | _aAnuario estadístico de la formación profesional en América Latina, 1984. |
| 260 |
_aMontevideo : _bCINTERFOR ; _aGinebra : _bOIT, _c1986. |
||
| 300 |
_a63 p. : _bfots. |
||
| 690 |
_aFormación profesional _99108 |
||
| 690 | _aEstadísticas | ||
| 690 | _aAmérica Latina | ||
| 710 | 2 |
_aOficina Internacional del Trabajo _929727 |
|
| 710 | 2 | _aCentro Interamericano de Investigación y Documentación sobre Formación Profesional | |
| 905 | _aUNESCO | ||
| 999 |
_c129287 _d129287 |
||